LEADER 01075nam0 2200301 450 001 000030307 005 20150206135249.0 010 $a978-88-548-7295-0 100 $a20150206d2014----km-y0itay50------ba 101 0 $aita 102 $aIT 105 $ay-------001yy 200 1 $a<> reti di impresa innovative$eprofili economici, aziendali, giuridici e sociali$fa cura di Guglielmo Faldetta Vincenzo Fasone Carmelo Provenzano$gcontributi di Stefano Becucci, ... 210 $aRoma$cAracne$d2014 215 $a246 p.$d21 cm. 225 2 $aA13$escienze economiche e statistiche 410 0$12001$aA13$escienze economiche e statistiche 500 10$a<> reti di impresa innovative$957407 610 1 $aUnioni d'imprese 676 $a658.046$vWebDewey$9Concentrazioni 702 1$aFaldetta,$bGuglielmo 702 1$aFasone,$bVincenzo 702 1$aProvenzano,$bCarmelo 801 0$aIT$bUNIPARTHENOPE$c20150206$gRICA$2UNIMARC 912 $a000030307 951 $a658-R/34$b45430$cNAVA1$d2015 996 $aReti di impresa innovative$957407 997 $aUNIPARTHENOPE